000 00508pab a2200181 454500
008 180718b2017 xxu||||| |||| 00| 0 eng d
100 _aGupta, R.K.
245 _aQuality and excellence of higher education in private universities: opportunities and challenges
260 _c2017
300 _ap.193-197.
362 _a30 Jan
650 _aHigher education
650 _aEducational quality
650 _aPrivate education
700 _aVishal Kumar
773 _aUniversity News
909 _a113796
999 _c113790
_d113790